Ľahký alpský štýl? Nič ťažšie som nezažil!

Bibliographic Details
Main Authors: Kováčiková, Mira, 1964- (Author, Interviewer), Hámor, Peter, 1964- (Author)
Format: Article
Language:Slovak
PhysicalDescription:Fotogr.
Subjects:

MARC

LEADER 00000nab a2200000 ar4500
001 vtls008985530
003 SK-MaSNL
005 20260303065429.0
008 070502c2007 xo mr|p|||||||000 b|slo
038 |a PPPK 
040 |a PPPKCL  |b slo  |c PPPK  |e AACR2 
041 0 |a slo 
044 |a xo  |c SK 
080 |a 796.524  |x (235.243)  |2 1997 
080 |a 910.4  |2 1997 
080 |a 796.524.071  |2 1997 
080 |a 929 Hámor, Peter  |2 1997 
100 1 |a Kováčiková, Mira,  |d 1964-  |4 ivr  |4 aut  |9 101018 
245 1 0 |a Ľahký alpský štýl? Nič ťažšie som nezažil!  |c Mira Kováčiková, Peter Hámor 
300 |b Fotogr. 
600 1 7 |a Hámor, Peter,  |d 1964-   |2 pppkcl  |9 105969 
610 2 7 |a Himaláje (pohorie)  |2 pppkcl  |9 1057955 
648 7 |a 2006  |2 pppkcl  |9 313148 
650 0 7 |a horolezectvo  |2 pppkcl  |9 1050 
650 0 7 |a horolezecké expedície  |2 pppkcl  |9 1570 
651 7 |a Poprad (Slovensko)  |2 pppkcl  |9 20155 
651 7 |a Annapurna (Himaláje, Nepál : vrch)  |2 pppkcl  |9 28991 
700 1 |a Hámor, Peter,  |d 1964-  |4 ive  |4 aut  |9 105969 
773 0 |t Popradčan : mesačník obyvateľov mesta Poprad  |g Roč. I, č. 7 (2006), s. 13 
852 |a PPPK  |b KIS3GCP 
958 |a SK 
958 |a CN 
958 |a NP 
999 |c 1751160  |d 1753090